000 00374 a2200169 4500
001 173309
020 _a85-16-00496-1
040 _cMagnum
100 _aMurgel Branco, Samuel
240 1 0 _aO ambiente do quintal
_lpor
245 1 0 _aO ambiente do quintal
300 _a40
362 0 _a1991
440 1 _aModerna
697 _aLITERATURA INFANTO-JUVENIL
942 _cBK
999 _c173309
_d173309